Livres du cycle de Gwendalavir de Pierre Bottero - Statistiques

Statistiques générales
  • Ce quiz a été pris 11 fois
  • Le résultat moyen est 8 sur 14
Statistiques - réponses
Série Titre du livre % Correct
Le Pacte des Marchombres Ellana
91%
La Quête d'Ewilan D'un Monde à l'autre
82%
Le Pacte des Marchombres Ellana l'envol
73%
Les Mondes d'Ewilan Les Tentacules du mal
73%
Les Mondes d'Ewilan L'Oeil d'Otolep
73%
Les Mondes d'Ewilan La Forêt des captifs
64%
La Quête d'Ewilan Les Frontières de glace
64%
One shot Les Ames croisées
55%
La Quête d'Ewilan L'Ile du destin
55%
L'Autre La Huitième Porte
45%
L'Autre Le Souffle de la hyène
45%
One shot Le Chant du troll
36%
L'Autre Le Maître des tempêtes
36%
Le Pacte des Marchombres Ellane la prophétie
0%
Aucun quiz correspondant
Distribution des résultats
% des personnes avec chaque résultat
Percentile par nombre de réponses
Votre historique - résultats
Vous n’avez pas pris ce quiz